The pastoral and the academic : (Record no. 6450)

MARC details
000 -LEADER
fixed length control field 01235cam a2200349 a 4500
001 - CONTROL NUMBER
control field 1186733
003 - CONTROL NUMBER IDENTIFIER
control field OSt
005 - DATE AND TIME OF LATEST TRANSACTION
control field 20200122123056.0
008 - FIXED-LENGTH DATA ELEMENTS--GENERAL INFORMATION
fixed length control field 970313s1996 enk b 001 0 eng d
010 ## - LIBRARY OF CONGRESS CONTROL NUMBER
LC control number 97127205
020 ## - INTERNATIONAL STANDARD BOOK NUMBER
International Standard Book Number 0304332232
020 ## - INTERNATIONAL STANDARD BOOK NUMBER
International Standard Book Number 0304332259 (pbk.)
035 ## - SYSTEM CONTROL NUMBER
System control number (NNU)NYUb11455288
035 ## - SYSTEM CONTROL NUMBER
System control number (OCoLC)ocm34504880
035 ## - SYSTEM CONTROL NUMBER
System control number (CStRLIN)NYUGB11455288-B
040 ## - CATALOGING SOURCE
Original cataloging agency EYE
Transcribing agency EYE
Modifying agency DLC
042 ## - AUTHENTICATION CODE
Authentication code lccopycat
043 ## - GEOGRAPHIC AREA CODE
Geographic area code e-uk---
050 00 - LIBRARY OF CONGRESS CALL NUMBER
Item number .P652 1996
100 1# - MAIN ENTRY--PERSONAL NAME
Personal name Power, Sally.
9 (RLIN) 13270
245 14 - TITLE STATEMENT
Title The pastoral and the academic :
Remainder of title conflict and contradiction in the curriculum /
Statement of responsibility, etc. Sally Power.
260 ## - PUBLICATION, DISTRIBUTION, ETC. (IMPRINT)
Place of publication, distribution, etc. London ;
-- New York :
Name of publisher, distributor, etc. Cassell,
Date of publication, distribution, etc. 1996.
300 ## - PHYSICAL DESCRIPTION
Extent viii, 164 p. ;
Dimensions 24 cm.
440 #0 - SERIES STATEMENT/ADDED ENTRY--TITLE
Title Cassell studies in pastoral care and personal and social education
9 (RLIN) 13271
504 ## - BIBLIOGRAPHY, ETC. NOTE
Bibliography, etc Includes bibliographical references (p. [145]-155) and indexes.
650 #0 - SUBJECT ADDED ENTRY--TOPICAL TERM
Topical term or geographic name as entry element Educational counseling
Geographic subdivision Great Britain.
9 (RLIN) 13272
650 #0 - SUBJECT ADDED ENTRY--TOPICAL TERM
Topical term or geographic name as entry element Moral education
Geographic subdivision Great Britain.
9 (RLIN) 13273
650 #0 - SUBJECT ADDED ENTRY--TOPICAL TERM
Topical term or geographic name as entry element Education
General subdivision Curricula
-- Social aspects
Geographic subdivision Great Britain.
9 (RLIN) 13274
906 ## - LOCAL DATA ELEMENT F, LDF (RLIN)
a 7
b cbc
c copycat
d 2
e ncip
f 19
g y-gencatlg
942 ## - ADDED ENTRY ELEMENTS (KOHA)
Source of classification or shelving scheme Dewey Decimal Classification
Koha item type Open Shelf
Holdings
Withdrawn status Lost status Source of classification or shelving scheme Damaged status Not for loan Home library Current library Date acquired Source of acquisition Inventory number Total Checkouts Barcode Date last seen Price effective from Koha item type
    Dewey Decimal Classification     MUST Main Library MUST Main Library 22/01/2020 Donation 2003/20479   2020-0073 22/01/2020 22/01/2020 Open Shelf